000 00341nam a22001217a 4500
999 _c2820
_d2820
005 20200924141843.0
008 200924b ||||| |||| 00| 0 eng d
020 _a025100
040 _cCML
245 _aThe World Book Encyclopedia: B.
260 _aLondon
_bWorld Book, Inc.
_c1992
942 _2ddc
_cBK
_eVolume 2
_h030
_kR
_mWOR